| 000 | 00812nas a2200265 4500 | ||
|---|---|---|---|
| 001 | BR7702443 | ||
| 003 | BR-BrBNA | ||
| 005 | 20231205083158.0 | ||
| 007 | ta | ||
| 008 | 230509b bl.|||p| |||| 00| 00por d | ||
| 040 |
_aBR-BrBNA _bpor _cBiblioteca Nacional de Agricultura |
||
| 041 | _a(Pt) | ||
| 072 | _aL50 | ||
| 100 | 1 | _aParra, J.R.P. | |
| 100 | 1 | _aSilveira Neto, S. | |
| 100 | 1 | _aKasten Junior, P. | |
| 100 | 1 | _aCrocomo, W.B. | |
| 245 | 1 | _aEquipamento para estudar a influencia do fotoperiodo no desenvolvimento de insetos | |
| 650 | _aFISIOLOGIA ANIMAL | ||
| 650 | _aINSETO | ||
| 650 | _aFOTOPERIODISMO | ||
| 773 | 0 |
_tAnais da Sociedade Entomologica do Brasil (Brazil) _xISSN 0301-8059 _g(1977), v. 6(2) p. 318-320 _wBR7702443 |
|
| 909 |
_a202311 _bLúcia _c55 _dLúcia Elande |
||
| 942 |
_2AGRIS _n0 _cANA |
||
| 999 |
_c96949 _d96949 |
||